000 00461nam a2200181Ia 4500
001 17194
005 20260306170407.0
008 260306t2018||||xx |||||||||||||| ||und||
041 _aESP
082 _a657.61
_bA11C
100 _aAbanto Bromley, Martha
_eAUT
245 0 _aAplicación práctica del plan contable general empresarial
260 _c2018
300 _a493 páginas :
_c25 cm.
650 _aGEN
654 _aCCO
942 _cLIB
_dJUS
_fJUS
_2ddc
_n
999 _c17194
_d17194